Dodatky 4. k Platným právnym predpisom pre knižnice a informačné strediská /

Enregistré dans:
Détails bibliographiques
Autres auteurs: Španiel, Blahoslav (Compilateur)
Format: Livre
Langue:slovaque
Publié: Bratislava : SlTK-Centrum VTI SR, 1985
Tags: Ajouter un tag
Pas de tags, Soyez le premier à ajouter un tag!

MARC

LEADER 00000nam a22000003a 4500
001 stu35600
005 20150617225731.0
008 920429s1985----cs------------------slo-d
040 |a STU  |b slo 
041 0 |a slo 
044 |a cs 
100 1 |a Španiel, Blahoslav  |4 com 
245 1 |a Dodatky 4. k Platným právnym predpisom pre knižnice a informačné strediská /  |c Zost. Blahoslav Španiel 
260 |a Bratislava :  |b SlTK-Centrum VTI SR,  |c 1985 
300 |a 48 s 
996 |b 284M034971  |c M*1986/A/4-1  |l MMKN  |s A  |a 24  |w stu35600_0001